What City Is The NFL Stadium In - Statistics

General Stats
  • This quiz has been taken 13 times
  • The average score is 28 of 30
Answer Stats
Hint Answer % Correct
Ravens Baltimore
100%
Bears Chicago
100%
Bengals Cincinnati
100%
Lions Detroit
100%
Colts Indianapolis
100%
Jaguars Jacksonville
100%
Eagles Philadelphia
100%
Cardinals Arizona
92%
Falcons Atlanta
92%
Bills Buffalo
92%
Panthers Charlotte
92%
Browns Cleveland
92%
Cowboys Dallas
92%
Broncos Denver
92%
Patriots Foxbourogh
92%
Packers Green Bay
92%
Texans Houston
92%
Chiefs Kansas City
92%
Raiders Las Vegas
92%
Chargers/Rams Los Angeles
92%
Dolphins Miami
92%
Titans Nashville
92%
Saints New Orleans
92%
Steelers Pittsburgh
92%
49ers San Fransisco
92%
Seahawks Seattle
92%
Buccaneers Tampa Bay
92%
Commanders Washington D.C
92%
Giants/Jets East Rutherford
83%
Vikings Minneapolis
83%
No matching quizzes found
Score Distribution
Percent of People with Each Score
Percentile by Number Answered
Your Score History
You have not taken this quiz